00606nam a2200193Ia 4500003000400000005001700004008004100021040000900062082001500071100002100086245004300107250001200150260004400162300000900206650001200215942003600227952013200263999001700395OSt20200907121636.0190216s9999||||xx |||||||||||||| ||und|| coclc a536bMAT/H aMathur, D S9421 0aHeat And Thermodynamics /cD S Mathur  a3rd Ed. bSulthan Chand&Sons,c1983.aNew Delhi: a685p aPhysics cBK2ddch536iMAT/Hk536mMAT/H 00102ddc40708PHYSICSaMESbMEScPHYd2019-02-20g42.50l0o536 MAT/Hp20380r2019-02-20 00:00:00t2w2019-02-20yBKzGL13R1 c32962d32962